|
|
|
|
| LEADER |
00000nas a2200000 4500 |
| 005 |
20120302110818.0 |
| 007 |
cr anunnnuuuaa |
| 008 |
940412c19939999enk p gv 0 eng d |
| 022 |
|
|
|a 1358-1988
|y 0968-087X
|
| 035 |
|
|
|a 6140
|
| 040 |
|
|
|d BUS
|d vLex
|
| 090 |
|
|
|c 3060
|d 3060
|
| 245 |
0 |
0 |
|a Journal of financial regulation and compliance
|h [Recurso electrn̤ico]
|
| 246 |
0 |
0 |
|a Financial regulation and compliance.
|
| 256 |
|
|
|a Servicio en ln̕ea.
|
| 260 |
|
|
|a London :
|b Ed. Henry Stewart Publications,
|
| 300 |
|
|
|a 1 recurso electrn̤ico
|
| 310 |
|
|
|a Cuatrimestral
|
| 362 |
0 |
|
|a Num. 1 (2002)
|
| 506 |
1 |
|
|a Contenido solo disponible en los productos indicados
|d vLex Global
|d vLex Global (Academic Edition, excluding Law Schools)
|d vLex Global (U.S. Academic Edition, Law Schools)
|d vLex Global (U.S. Academic Edition, excluding Law Schools)
|d vLex Global (Academic Edition, Law Schools)
|
| 550 |
|
|
|a "In association with the Unit for Regulatory Practice, Centre for Police and Criminal Justice Studies, University of Exeter"--Cover.
|
| 650 |
0 |
4 |
|a Servicios financieros
|x Publicaciones perid̤icas.
|
| 650 |
0 |
4 |
|a Bancos
|x Publicaciones perid̤icas.
|
| 650 |
0 |
4 |
|a Instituciones financieras
|x Publicaciones perid̤icas.
|
| 710 |
2 |
|
|a University of Exeter.
|b Unit for Regulatory Practice.
|
| 740 |
0 |
|
|a vLex Revistas (Servicio en ln̕ea)
|
| 780 |
0 |
0 |
|t International journal of regulatory law & practice
|x 0968-087X
|w (DLC)sn 96033113
|w (OCoLC)28797583.
|
| 856 |
4 |
0 |
|u http://vlex.com/source/journal-financial-regulation-compliance-6140
|z Acceso restringido
|
| 942 |
|
|
|c REV
|
| 999 |
0 |
|
|a Financial services industry
|
| 999 |
0 |
|
|a Banks and banking
|
| 999 |
0 |
|
|a Financial institutions
|